| 000 | 02086cam a2200289 i 4500 | ||
|---|---|---|---|
| 942 | _cBK | ||
| 999 |
_c460 _d460 |
||
| 001 | 19038967 | ||
| 003 | OSt | ||
| 005 | 20250420134811.0 | ||
| 008 | 160401s2016 enka 001 0 eng | ||
| 010 | _a 2016015389 | ||
| 020 | _a9781118751121 (pbk.) | ||
| 040 |
_aDLC _beng _cKCST |
||
| 042 | _apcc | ||
| 050 | 0 | 0 |
_aQD453.3 _b.K65 2016 |
| 082 | 0 | 0 |
_a541 _223 |
| 100 | 1 |
_aKolasinski, Kurt W. _94582 |
|
| 245 | 1 | 0 |
_aPhysical chemistry : _bhow chemistry works / _cKurt W. Kolasinski, Department of Chemistry, West Chester University, USA. |
| 246 | 3 | 0 | _aHow chemistry works |
| 260 |
_aChichester, West Sussex : _bJohn Wiley & Sons, Inc., _c2016. |
||
| 300 |
_axvii, 726 pages : _bcolor illustrations ; _c28 cm |
||
| 500 | _aIncludes index. | ||
| 505 | 0 | _aIntroduction -- Statistical mechanics -- Ideal gases -- Non-ideal gases and intermolecular interactions -- Liquids, liquid crystals, and ionic liquids -- Solids, nanoparticles, and interfaces -- First law of thermodynamics -- Second law of thermodynamics -- Third law of thermodynamics and temperature dependence of heat capacity, enthalpy, and entropy -- Thermochemistry : the role of heat in chemical and physical changes -- Chemical equilibrium -- Phase stability and phase transitions -- Solutions and mixtures : nonelectrolytes -- Solutions of electrolytes -- Electrochemistry : the chemistry of free charge exchange -- Empirical chemical kinetics -- Reaction dynamics : mechanisms and rates -- Complex reactions mechanisms : catalysis, photochemistry and charge transfer -- Developing quantum mechanical intuition -- The quantum mechanical description of nature -- Model quantum systems -- Atomic structure -- Introduction to spectroscopy and atomic spectroscopy -- Molecular bonding and structure -- Molecular spectroscopy & excited state dynamics : diatomics -- Polyatomic molecules and group theory -- Light-matter interactions : lasers, laser spectroscopy, and photodynamics. | |
| 650 | 0 |
_aChemistry, Physical and theoretical _vTextbooks. _94583 |
|
| 650 | 0 |
_aChemistry _vTextbooks. _94584 |
|
| 942 | _2ddc | ||